000 00581nam a2200205Ia 4500
005 20250923144626.0
008 008 250917s9999 xx 000 0 eng d
037 _aTextual
040 _aDSWL
_beng
_cDSWL
041 _aeng
_2eng
084 _aX:90415.2N5, J8
_qDSWL
100 _aIyer, N.G.
_9826770
245 0 _aHandbook for Railwaymen
_cby N.G. Iyer
260 _aCalcutta
_b Balan 22B, Sardar Sankar Road
_c1958
300 _aviii,214p.
365 _aINR
_b5
925 _g5
942 _cTEXL
_hX:90415.2N5, J8
999 _c1441327
_d1441327